| 000 | 01253cam a22003131i 4500 | ||
|---|---|---|---|
| 003 | SA-RiAUC | ||
| 005 | 20241112082644.0 | ||
| 008 | 241111s1997 su g b 000 0 ara c | ||
| 040 |
_aAE-AiULD _bara _cSA-RiAUC _erda |
||
| 050 | 4 | _b.I25 1997 | |
| 050 | 0 | 0 | _bI2626. 1997 |
| 082 | 0 | 4 | _a227.1 |
| 090 |
_a227.1 _bا ب ن ت |
||
| 100 | 1 |
_aابن تيمية، أحمد بن عبد الحليم بن عبد السلام، _d661-728 هجري _eمؤلف. |
|
| 245 | 1 | 2 |
_aالنكت المتممة لمقدمة ابن تيمية / _cتحقيق عبد المنعم إبراهيم. |
| 250 | _aالطبعة الأولى. | ||
| 264 | 1 |
_aمكة المكرمة : _bمكتبة نزار مصطفى الباز، _c1997 |
|
| 300 |
_a106 صفحة ؛ _c24 سم |
||
| 336 |
_aنص _btxt _2rdacontent _3كتاب |
||
| 337 |
_aبدون وسيط _bn _2rdamedia |
||
| 338 |
_aمجلد _bnc _2rdacarrier |
||
| 504 | _aيشتمل على إرجاعات ببليوجرافية. | ||
| 630 | 2 | 7 |
_aالقرآن _xتفسير _2aucut |
| 700 | 1 |
_aإبراهيم، عبد المنعم خليل _eمحقق. |
|
| 730 | 2 | 2 | _aالقرآن |
| 740 | 0 | 2 | _aمقدمة في أصول التفسير. |
| 942 |
_2ddc _cBOOK _n0 |
||
| 949 |
_aSA-JeALM _d241111 _umohamedma123 _n1 |
||
| 999 |
_c2307 _d2307 |
||